000 00562nam a22001937a 4500
999 _c442611
_d442611
003 UA-OsUOA
005 20191024120925.0
008 191024b un ||||| |||| 00| 0 ukr d
040 _aUA-OsUOA
_bukr
_cUA-OsUOA
_dUA-OsUOA
041 _aukr
080 _a821.161.1
090 _a821.161.1
_bТ53
100 _aТолстой Л
245 _aСборник статей и материалов
_cЛев Толстой
260 _aМосква
_bИзд-во Академии Наук СССР
_c1951
300 _a708 с.
942 _2udc
_cBK
955 _a3